Product market study - Australia : wooden dining tables.

Bibliographic Details
Corporate Author: Malaysia External Trade Development Corporation
Format: Book
Published: Sydney: MATRADE Sydney, 2004.
Subjects:
LEADER 00512cam a2200145 7i4500
001 0000014010
005 20040609090000.0
090 0 0 |a ASTL 575.46   |b MAL P 575.46 MAL 
110 2 0 |a Malaysia External Trade Development Corporation 
245 2 0 |a Product market study - Australia :   |b wooden dining tables. 
260 0 0 |a Sydney:   |b MATRADE Sydney,   |c 2004. 
300 # # |a [n.p]. 
650 0 0 |a Wooden dining tables --   |x Market --   |z Australia  
651 0 0 |a Australia  
999 |a 0000015889  |b Book  |c Countries  |e Business Information Centre